|
|
|
|
| LEADER |
00000cam a2200000 7i4500 |
| 001 |
0000002454 |
| 005 |
20030623.0 |
| 020 |
0 |
0 |
|a 1899825932
|
| 090 |
0 |
0 |
|a 333.7515
|b GET 2002
|
| 245 |
0 |
0 |
|a GETTING the private sector to work for the public good :
|b instruments for sustainable private sector forestry in China
|c Lu Wenming ... (et al.)
|
| 260 |
0 |
0 |
|a London :
|b International Institute for Environment and Development ,
|c 2002
|
| 300 |
|
|
|a x, 154 p. :
|b ill. ;
|c 24 cm.
|
| 440 |
0 |
0 |
|a Instruments for sustainable private sector forestry
|
| 500 |
0 |
0 |
|a Bibliography : p. 139-146
|
| 650 |
0 |
0 |
|a Forests and forestry
|z China
|
| 650 |
0 |
0 |
|a Privatization
|z China
|
| 700 |
0 |
1 |
|a Lu
|h Wenming
|
| 998 |
|
|
|a JPSM
|
| 999 |
|
|
|a 0000004331
|b Monograph
|c Open Shelf
|e Default branch
|